Электротехнические измерения: учебное пособие

Dettagli Bibliografici
Autore principale: Хромоин П. К. Петр Константинович
Riassunto:Учебное пособие предназначено для студентов образовательных учреждений среднего профессионального образования, обучающихся по специальности «Монтаж, наладка и эксплуатация электрооборудования предприятий и гражданских зданий». Оно может быть полезно студентам смежных специальностей, программа образования которых включает вопросы измерений в энергетических системах с напряжением до 1000 В и в низкочастотных электрических цепях.
Lingua:russo
Pubblicazione: Москва, Форум, 2008
Serie:Профессиональное образование
Soggetti:
Natura: MixedMaterials Libro
KOHA link:https://koha.lib.tpu.ru/cgi-bin/koha/opac-detail.pl?biblionumber=147927

MARC

LEADER 00000nam0a2200000 4500
001 147927
005 20231031145220.0
010 |a 9785911342739 
035 |a (RuTPU)RU\TPU\book\160354 
090 |a 147927 
100 |a 20081124d2008 m y0rusy50 ca 
101 0 |a rus 
102 |a RU 
105 |a a j 001zy 
200 1 |a Электротехнические измерения  |e учебное пособие  |f П. К. Хромоин 
210 |a Москва  |c Форум  |d 2008 
215 |a 288 с.  |c ил. 
225 1 |a Профессиональное образование 
320 |a Литература: с. 283. 
330 |a Учебное пособие предназначено для студентов образовательных учреждений среднего профессионального образования, обучающихся по специальности «Монтаж, наладка и эксплуатация электрооборудования предприятий и гражданских зданий». Оно может быть полезно студентам смежных специальностей, программа образования которых включает вопросы измерений в энергетических системах с напряжением до 1000 В и в низкочастотных электрических цепях. 
610 1 |a электрические измерения 
610 1 |a метрология 
610 1 |a погрешности 
610 1 |a электрические величины 
610 1 |a измерение 
610 1 |a качество 
610 1 |a аналоговые электроизмерительные приборы 
610 1 |a измерительные трансформаторы 
610 1 |a магнитоэлектрические механизмы 
610 1 |a амперметры 
610 1 |a электродинамические механизмы 
610 1 |a ферродинамические механизмы 
610 1 |a электростатические механизмы 
610 1 |a электрические измерительные цепи 
610 1 |a электронные измерительные приборы 
610 1 |a цифровые измерительные приборы 
610 1 |a АЦП 
610 1 |a аналого-цифровые преобразователи 
610 1 |a ток 
610 1 |a напряжение 
610 1 |a электрические цепи 
610 1 |a параметры 
610 1 |a мощность 
610 1 |a энергия 
610 1 |a фазовые сдвиги 
610 1 |a электромагнитная совместимость 
610 1 |a ИИС 
610 1 |a измерительные информационные системы 
610 1 |a учебные пособия 
675 |a 621.317.3(075.32)  |v 3 
700 1 |a Хромоин  |b П. К.  |g Петр Константинович 
801 1 |a RU  |b 63413507  |c 20081124  |g PSBO 
801 2 |a RU  |b 63413507  |c 20180425  |g PSBO 
942 |c BK